Gestió patrimonial : manual de normes i procediments manual de normes i procediments
Publicado:
Barcelona :
Diputació de Barcelona. Àrea d'Hisenda, Recursos Interns i Noves Tecnologies. Servei d'Assistència a la Gestió Econòmica Local ,
2013
Descripción Física:
295 p. : il. col. ; 30 cm
MARC
| LEADER | 00000nam a2200000Ia 4500 | ||
|---|---|---|---|
| 001 | 23967 | ||
| 008 | 160829s2013 xx 000 0 cat d | ||
| 080 | |a Bib-121 | ||
| 245 | |a Gestió patrimonial : |b manual de normes i procediments | ||
| 250 | |a 3a ed. | ||
| 260 | |a Barcelona : |b Diputació de Barcelona. Àrea d'Hisenda, Recursos Interns i Noves Tecnologies. Servei d'Assistència a la Gestió Econòmica Local, |c 2013 | ||
| 300 | |a 295 p. : |b il. col. ; |c 30 cm | ||
| 650 | 0 | |a Béns immobles |9 49828 | |
| 650 | 0 | |a Administració local |x Barcelona (Catalunya : Província) |9 30797 | |
| 710 | 1 | |a Barcelona (Catalunya : Província). |b Servei d’Assistència a la Gestió Econòmica Local |9 53081 | |
| 901 | |a Arxiu | ||
| 942 | |n 1 | ||
| 952 | |0 0 |1 0 |4 0 |6 BIB121 |7 1 |9 55625 |a Arxiu |b Arxiu |d 2016-12-01 |l 0 |o Bib-121 |p 23967 |r 2016-12-01 00:00:00 |w 2016-12-01 |y ARXIU | ||
| 952 | |0 0 |1 0 |2 udc |4 0 |7 1 |9 63320 |a Arxiu |b Arxiu |d 2022-08-02 |o PDL |p 26381 |r 2022-08-02 00:00:00 |w 2022-08-02 | ||
| 999 | |c 59498 |d 59498 | ||